|
|
|
|
| LEADER |
00000nam a2200000 a 4500 |
| 001 |
vtls001413261 |
| 003 |
SK-MaSNL |
| 005 |
20260413122804.0 |
| 008 |
240801s2000 xo f y 0 slo |
| 015 |
|
|
|a SNBE2001/03-01991
|
| 020 |
|
|
|a 8080472963
|
| 035 |
|
|
|a SNK000367984
|
| 040 |
|
|
|a SNK
|b slo
|c SNK
|e AACR2
|
| 041 |
0 |
|
|a slo
|
| 044 |
|
|
|a xo
|c SK
|
| 080 |
|
|
|a 830(494)-3(02.056.262)
|2 1981
|
| 100 |
1 |
|
|a Hürlimann, Thomas,
|d 1950-
|4 aut
|9 229511
|
| 245 |
1 |
0 |
|a Tessinčanka, Záhradný domček
|n 1.-2.zv.
|h slepecká tlač
|c Thomas Hürlimann
|
| 260 |
|
|
|a Levoča
|b Slovenská knižnica pre nevidiacich Mateja Hrebendu
|c 2000
|
| 300 |
|
|
|a 2 zv.([128, 132] s.) v Brailleovom písme
|c 27x30 cm
|
| 650 |
0 |
7 |
|a poviedky psychologické švajčiarske nemecké
|x tlače slepecké
|2 SNK
|9 687573
|
| 655 |
|
7 |
|a umelecká literatúra
|2 SNK
|9 60405
|
| 852 |
|
|
|a Slovenská národná knižnica
|
| 919 |
|
|
|a 80-8047-296-3
|
| 954 |
|
|
|a beletria cudzojazyčná (svetová)
|2 lita
|
| 958 |
|
|
|a SX
|
| 958 |
|
|
|a LX
|
| 958 |
|
|
|a NS
|
| 958 |
|
|
|a DE
|
| 999 |
|
|
|c 1069312
|d 1071242
|
| 952 |
|
|
|t P60, <03>, [BOOK], {603}
|a SNK
|b SNK
|y PREZ
|7 0
|p 17A0300814
|o snkOSB 12975/1
|i snkKSP 6545/2001
|0 0
|1 0
|4 0
|d 2001-05-17
|l 0
|r 2005-01-02 00:00:00
|w 2026-02-24
|
| 952 |
|
|
|t P60, <03>, [BOOK], {603}
|a SNK
|b SNK
|y PREZ
|7 0
|p 17A0300813
|o snkOSB 12975/2
|i snkKSP 6546/2001
|0 0
|1 0
|4 0
|d 2001-05-17
|l 0
|r 2005-01-02 00:00:00
|w 2026-02-24
|